FUNDAMENTAL OF RADIO COMMUNICATION (Record no. 585410)

000 -LEADER
fixed length control field 00289nam a22001217a 4500
082 ## - DEWEY DECIMAL CLASSIFICATION NUMBER
Classification number 621.384 SHE'P
100 ## - MAIN ENTRY--PERSONAL NAME
Personal name SHEINGOLD, ABRAHAM
9 (RLIN) 80486
245 ## - TITLE STATEMENT
Title FUNDAMENTAL OF RADIO COMMUNICATION
250 ## - EDITION STATEMENT
Edition statement 6TH
260 ## - PUBLICATION, DISTRIBUTION, ETC.
Place of publication, distribution, etc. NEWJERSCY
Name of publisher, distributor, etc. D. VAN NOSTRAND
Date of publication, distribution, etc. 1951
300 ## - PHYSICAL DESCRIPTION
Extent 442P
942 ## - ADDED ENTRY ELEMENTS (KOHA)
Koha item type Book
Holdings
Withdrawn status Lost status Damaged status Not for loan Permanent Location Current Location Shelving location Date acquired Total Checkouts Full call number Barcode Date last seen Price effective from Koha item type
        College of Electrical & Mechanical Engineering (CEME) College of Electrical & Mechanical Engineering (CEME) General Stacks 07/07/2017   621.384 SHE'P CEME-5109 06/28/2021 06/28/2021 Book
© 2023 Central Library, National University of Sciences and Technology. All Rights Reserved.